000 01356cad a22002175a 4500
001 L141750
008 071218e20071207xxk f s f000 0 eng d
035 _a(Sirsi) u141750
041 0 _aeng
110 1 _aUnited Kingdom
_bDepartment for Business, Enterprise and Regulatory Reform
_95262
245 0 0 _aOutput and employment in the construction industry
_bthird quarter 2007
_h[electronic resource]
260 _c2007
490 0 _aGNN Press Release
_v(155114P) 7 December 2007
520 _aIn the year to the third quarter of 2007, the total volume of construction output increased by 3% compared to the previous year. Overall new work increased over the same period, with increases in all sectors apart from public non-housing and infrastructure output. Repair and maintenance work remained unchanged with a rise in the private non housing sector counterbalancing falls in the other sectors. In the third quarter of 2007, output increased by 1% compared to the second quarter of 2007 in volume terms and by 2% in current prices.
590 _aKA
650 2 4 _aDBERR OUTPUT AND EMPLOYMENT IN THE CONSTRUCTION INDUSTRY
651 4 _aGreat Britain
_y1707-
690 _aBUILT ENVIRONMENT-CONSTRUCTION MARKET
856 4 0 _uhttps://stats.bis.gov.uk/construction/output/200712/index.asp
_zView the item free of charge at www.gnn.gov.uk...
942 _n0
999 _c79576
_d79576